মুসলিম সম্পাদিত ও প্রকাশিত বাংলা সাহিত্য পত্রিকা : ১৯৩১-১৯৪৭ / (Record no. 41168)
[ view plain ]
| 000 -LEADER | |
|---|---|
| fixed length control field | 01206nam a2200253 a 4500 |
| 001 - CONTROL NUMBER | |
| control field | 41168 |
| 003 - CONTROL NUMBER IDENTIFIER | |
| rucl marc code | BD-RjUL |
| 005 - DATE AND TIME OF LATEST TRANSACTION | |
| control field | 20211209053336.0 |
| 008 - FIXED-LENGTH DATA ELEMENTS--GENERAL INFORMATION | |
| fixed length control field | 160516s2005 bg a|||| |||| 00| 0 ben d |
| 020 ## - INTERNATIONAL STANDARD BOOK NUMBER | |
| International Standard Book Number | 9840745069 |
| Terms of availability | : TK 180.00 |
| 035 ## - SYSTEM CONTROL NUMBER | |
| System control number | (BD-RjUL)41284 |
| 040 ## - CATALOGING SOURCE | |
| Original cataloging agency | BD-RjUL |
| Language of cataloging | ben |
| Transcribing agency | BD-RjUL |
| 041 ## - LANGUAGE CODE | |
| Language code of text/sound track or separate title | ben |
| 082 ## - DEWEY DECIMAL CLASSIFICATION NUMBER | |
| Edition number | 23 |
| Classification number | 891.4409 |
| Author mark and year | KHM 2005 |
| 100 ## - MAIN ENTRY--PERSONAL NAME | |
| Personal name | খান, ইসরাইল |
| 9 (RLIN) | 126632 |
| 245 10 - TITLE STATEMENT | |
| Title | মুসলিম সম্পাদিত ও প্রকাশিত বাংলা সাহিত্য পত্রিকা : ১৯৩১-১৯৪৭ / |
| Statement of responsibility, etc. | ইসরাইল খান |
| 260 ## - PUBLICATION, DISTRIBUTION, ETC. (IMPRINT) | |
| Place of publication, distribution, etc. | ঢাকা : |
| Name of publisher, distributor, etc. | বাংলা একাডেমী, |
| Date of publication, distribution, etc. | ২০০৫ |
| 300 ## - PHYSICAL DESCRIPTION | |
| Pagination | [১৬], ৪৪৮ পৃ. : |
| Illustrations | চিত্র ; |
| Size | ২১ সেমি. |
| 650 ## - SUBJECT ADDED ENTRY--TOPICAL TERM | |
| Topical term or geographic name as entry element | বাংলা সাহিত্য |
| General subdivision | ইতিহাস ও সমালোচনা |
| Chronological subdivision | বিংশ শতাব্দী |
| 9 (RLIN) | 126633 |
| Topical term or geographic name as entry element | Bengali Literature |
| General subdivision | History & Criticism |
| Chronological subdivision | 20th Century |
| 9 (RLIN) | 126634 |
| 651 ## - SUBJECT ADDED ENTRY--GEOGRAPHIC NAME | |
| Materials specified | India |
| Form subdivision | Printing |
| General subdivision | History |
| Geographic subdivision | Bengal |
| 9 (RLIN) | 126635 |
| Materials specified | ভারত |
| Form subdivision | মুদ্রণ |
| General subdivision | ইতিহাস |
| Geographic subdivision | বেঙ্গল |
| 9 (RLIN) | 126636 |
| 942 ## - ADDED ENTRY ELEMENTS (KOHA) | |
| Source of classification or shelving scheme | Dewey Decimal Classification |
| Koha item type | Books |
| Lost status | Source of classification or shelving scheme | Damaged status | Not for loan | Collection code | Permanent Location | Current Location | Shelving location | Date acquired | Source of acquisition | Cost, normal purchase price | Total Checkouts | Full call number | Date last seen | Copy number | Koha item type |
|---|---|---|---|---|---|---|---|---|---|---|---|---|---|---|---|
| Dewey Decimal Classification | Non-fiction | Central Library, University of Rajshahi | Central Library, University of Rajshahi | 09/06/2011 | Bangla Academy, Dhaka | 180.00 | B 891.4409 KHM 2005 | 16/05/2016 | C-2 | Books | |||||
| Dewey Decimal Classification | Not For Loan | Non-fiction | Central Library, University of Rajshahi | Central Library, University of Rajshahi | Reading Room | 09/06/2011 | Bangla Academy, Dhaka. | 180.00 | B 891.4409 KHM 2005 | 05/12/2016 | C-1 | Books |